Auditoría del Impuesto al Valor Agregado I.V.A
Uloženo v:
| Hlavní autoři: | , , |
|---|---|
| Médium: | Kniha |
| Jazyk: | španělština |
| Vydáno: |
s.l
P. Cárcamo & Asociados Ltda
1980
|
| Témata: | |
| Tagy: |
Přidat tag
Žádné tagy, Buďte první, kdo vytvoří štítek k tomuto záznamu!
|
MARC
| LEADER | 00000nam a2200000 a 4500 | ||
|---|---|---|---|
| 001 | UCR9231 | ||
| 003 | CL-VaPUC | ||
| 008 | 980613e19800000cl |||||||||||||||||spa|d | ||
| 082 | 0 | 4 | |a 657.46 |b CAR |2 21 |
| 100 | 0 | |a Cárcamo Pérez, Pedro |e author |9 411517 | |
| 700 | 0 | |a Paredes Lazcano, Haroldo J |e author |9 411518 | |
| 700 | 0 | |a Paredes Lazcano, Gastón |e author |9 411519 | |
| 245 | 1 | 0 | |a Auditoría del Impuesto al Valor Agregado I.V.A |
| 300 | |a 275 p | ||
| 942 | |c BK | ||
| 945 | |d 19980613 00:00:00 |a cmena | ||
| 260 | |a s.l |b P. Cárcamo & Asociados Ltda |c 1980 | ||
| 650 | 0 | |a Contabilidad |9 261430 | |
| 650 | 0 | |a Impuesto a la renta |9 258171 | |
| 650 | 7 | |a RENTAS |2 CL-VaPUC |9 324806 | |
| 650 | 7 | |a IVA |2 CL-VaPUC |9 373996 | |
| 650 | 0 | |a Tributación |9 258429 | |
| 650 | 0 | |a Derecho comercial |9 256340 | |
| 650 | 0 | |a Derecho tributario |9 258895 | |
| 650 | 0 | |a Auditoría |9 307008 | |
| 650 | 0 | |a Administración financiera |9 261146 | |
| 650 | 7 | |a CONTROL DE DOCUMENTOS |2 CL-VaPUC |9 411520 | |
| 650 | 0 | |a Delitos |9 224143 | |
| 650 | 0 | |a Evasión de impuestos |9 306999 | |
| 650 | 0 | |a Derecho internacional |9 255637 | |
| 583 | |a last modification |c 20171130 06:15:37 |k Rodrigo Vera | ||
| 999 | |c 270433 |d 270431 | ||
| 952 | |0 0 |1 0 |4 0 |6 657_460000000000000_CAR_1980 |7 0 |8 A |9 304725 |a BIBGIM |b BIBGIM |d 2019-11-20 |i 141500K |o 657.46 CAR 1980 |p 141500K |r 2025-01-15 |w 2019-11-20 |y BK |k COM | ||
| 952 | |0 0 |1 0 |4 0 |6 657_460000000000000_CAR_1980 |7 0 |8 A |9 304726 |a BIBGIM |b BIBGIM |d 2019-11-20 |i 1431358 |o 657.46 CAR 1980 |p 1431358 |r 2025-01-15 |w 2019-11-20 |y BK |k COM | ||